quizz sur moi meme - Statistiques

Statistiques générales
  • Ce quiz a été pris 73 fois
  • Le résultat moyen est 4 sur 15
Statistiques - réponses
question reponses % Correct
couleur préféré bleu
78%
mon chiffre préféré 8
77%
animal préféré chien
72%
nombre de tatouages 10
55%
saga préféré harry potter
32%
fruit préféré brugnon/nectarine/cerise
17%
prénom de ma maman sandrine
11%
groupe de rock préféré linkin park
9%
rappeur préféré vald
8%
plat préféré couscous/risotto
6%
acteur préféré johnny depp
2%
disney préféré peter pan
2%
série préféré american horror story
0%
destination de rêve madagascar
0%
ma phobie pétards/feux d'artifices ect..
0%
Aucun quiz correspondant
Distribution des résultats
% des personnes avec chaque résultat
Percentile par nombre de réponses
Votre historique - résultats
Vous n’avez pas pris ce quiz